000 00442nam a2200169Ia 4500
001 17143
003 IN-NITTTR
005 20251114233202.0
008 251113s9999||||xx |||||||||||||| ||eng||
040 _beng
040 _cIN-NITTTR
041 _aeng
082 _a370.71 T437L
100 _aTickle, Les
245 0 _aLearning teaching, teaching teaching :
_b a study of partenership in teacher education /
_cTickle, Les
942 _2ddc
_cBK
999 _c19777
_d19777